| 000 | 02184nam0a2200385 4500 | ||
|---|---|---|---|
| 001 | RU\NLR\BIBL_A\021959555 | ||
| 005 | 20230712125738.0 | ||
| 010 |
_a978-5-907649-79-8 _950 |
||
| 021 |
_aRU _bКН-П-23-029917 _9КН-П-23-2957 |
||
| 035 | _a(NLR Aleph) 021959555 | ||
| 035 | _a(RuMoRGB)011775412 | ||
| 090 |
_a12314042 _c12314042 |
||
| 100 | _a20230607d2023 u y0rusy50 ca | ||
| 101 | 0 | _arus | |
| 102 | _aRU | ||
| 105 | _aa|||j|||000zy | ||
| 181 | 0 |
_ai _baxxe |
|
| 182 | 0 | _an | |
| 200 | 1 |
_aЗаболевания щитовидной железы у детей и подростков _eучебно-методическое пособие _fЛ. В. Тыртова, Н. В. Паршина, А. С. Оленев _gМинистерство здравоохранения Российской Федерации, Санкт-Петербургский государственный педиатрический медицинский университет |
|
| 203 |
_aТекст _bвизуальный _cнепосредственный |
||
| 210 |
_aСанкт-Петербург _cСПбГПМУ _d2023 |
||
| 215 |
_a31 с. _cил., цв. ил., табл. _d21 |
||
| 225 | 1 | _aБиблиотека Педиатрического университета | |
| 320 | _aБиблиогр.: с. 27 (13 назв.) | ||
| 606 | 1 |
_aЩитовидная железа детей _jУчебно-методические пособия для высших учебных заведений _xБолезни _92533812 _3RU\NLR\AUTH\661500680 |
|
| 606 | 1 |
_aЩитовидная железа подростков _jУчебно-методические пособия для высших учебных заведений _xБолезни _92152626 _3RU\NLR\AUTH\661296195 |
|
| 675 |
_a616.441-053.2(075.8) _v4 |
||
| 686 | 1 | _aР733.415.12я73 | |
| 700 | 1 |
_aТыртова _bЛ. В. _gЛюдмила Викторовна |
|
| 701 | 1 |
_aПаршина _bН. В. _gНаталия Васильевна |
|
| 701 | 1 |
_aОленев _bА. С. _gАлексей Сергеевич |
|
| 942 | _cBOOK | ||
| 980 | _aNB | ||